000 00532nam a2200193 i 4500
001 bgj
245 0 0 _aOxford Collocations Dictionary :
_bfor students of English.
260 _aOxford :
_bOxford University Press,
_c2003.
300 _aXIII, 897 pp :
_bill. ;
_c24 cm.
650 9 _aCollocation (Linguistics)
650 9 _aEnglish language
_xIdioms
655 _aDictionaries
020 _a0194312437
040 _cBPK
041 0 _aeng
920 _a0-19-431243-7
942 _cKS
008 s uk f |000 0 eng
999 _c48743
_d48743
856 _uhttp://koha.tu.koszalin.pl/cgi-bin/koha/opac-detail.pl?biblionumber=48743
_yKatalog online BPK